| 000 -ლიდერი |
| ფიქსირებული სიგრძის საკონტროლო ველი |
01033nam a2200241Ia 4500 |
| 001 - საკონტროლო ნომერი |
| საკონტროლო ველი |
4026 |
| 003 - საკონტროლო ნომრის იდენტიფიკატორი |
| საკონტროლო ველი |
GE_BSU |
| 005 - ბოლო ოპერაციის თარიღი და დრო |
| საკონტროლო ველი |
20190510195925.0 |
| 008 - ფიქსირებული სიგრძის მონაცემთა ელემენტები - ზოგადი ინფორმაცია |
| ფიქსირებული სიგრძის საკონტროლო ველი |
181216s2001|||| |||||||||||||| ||geo|| |
| 020 ## - წიგნის საერთაშორისო სტანდარტული ნომერი |
| International Standard Book Number |
9992828226 |
| 040 ## - კატალოგიზაციის წყარო |
| Transcribing agency |
GE_BSU |
| 041 ## - ენის კოდი |
| Language code of text/sound track or separate title |
geo |
| 080 ## - უნივერსალური ათობითი კლასიფიკაციის ინდექსი |
| Universal Decimal Classification number |
81'374.822(038) ქ-27 |
| 245 ## - ცნობა სათაურის შესახებ |
| Title |
ქართულ-რუსული ლექსიკონი = Грузинско-Русский словарь / |
| Statement of responsibility, etc |
შემდგნ. მ.ბ. კანკავა , რედ : ზ.გ.ახვლედიანი |
| 250 ## - გამოცემის ცნობა |
| Edition statement |
მესამე გამოცემა |
| 264 ## - წარმოების, გამოცემის, დისტრიბუციის და სხვა ცნობები |
| გამოცემის, წარმოების, დისტრიბუციის... ადგილი |
თბილისი .: |
| გამოცემის, წარმოების, დისტრიბუციის... სახელწოდება |
საქართველოს მაცნე, |
| გამოცემის, წარმოების, დისტრიბუციის... თარიღი |
2001. |
| 300 ## - ფიზიკური აღწერა |
| Extent |
435 გვ.; |
| Dimensions |
17 სმ. |
| 653 ## - INDEX TERM--UNCONTROLLED |
| Uncontrolled term |
ქართულ-რუსული ლექსიკონი |
| 700 ## - ADDED ENTRY--PERSONAL NAME |
| Personal name |
კანკავა, მ.ბ. |
| Relator term |
შემდგენელი |
| 9 (RLIN) |
1025 |
| 700 ## - ADDED ENTRY--PERSONAL NAME |
| Personal name |
ახვლედიანი, ზ.გ |
| Relator term |
რედაქტორი |
| 9 (RLIN) |
1026 |
| 942 ## - ADDED ENTRY ELEMENTS (KOHA) |
| Koha item type |
წიგნი |
| Source of classification or shelving scheme |
|